• Galeotti G., Rebuzzini L., Zamagni S. e V., Belletti F

di Personal Name

Records bibliografici associati: 1

001 - CONTROL NUMBER

  • control field: 59746

003 - CONTROL NUMBER IDENTIFIER

  • control field:

005 - DATE AND TIME OF LATEST TRANSACTION

  • control field: 20230317155939.0

008 - FIXED-LENGTH DATA ELEMENTS

  • fixed length control field: 230317|| aca||aabn | a|a d

040 ## - CATALOGING SOURCE

  • Original cataloging agency:
  • Transcribing agency:

100 ## - HEADING--PERSONAL NAME

  • Personal name: Galeotti G., Rebuzzini L., Zamagni S. e V., Belletti F

670 ## - SOURCE DATA FOUND

  • Source citation: Work cat.: ()232270: Farina Marcella (et al.) 59745, Famiglia: luogo generatore di responsabilità sociale, 2014
CREDITS: SOCIETA' SAN PAOLO Via A.Severo, 58 - ROMA (RM) & PERIODICI SAN PAOLO SRL Via Giotto, 36 MILANO & CISF Via Giotto, 36 MILANO & EDIZIONI SAN PAOLO SRL,  Piazza Soncino, 5 CINISELLO BALSAMO (MI) -- ITALY